[Event "14. Bayer Open"]
[Site "Leverkusen"]
[Date "2016.02.01"]
[Round "3.55"]
[White "Becker, Johann"]
[Black "Barche, Uwe"]
[Result "1-0"]
[WhiteElo "1506"]
[BlackElo "1274"]
[PlyCount "134"]
[EventDate "2016.??.??"]
[WhiteTeam "TV Witzhelden"]
[BlackTeam "SG Solingen"]

1. e4 e6 2. d4 d5 3. Nc3 Nf6 4. Bg5 dxe4 5. Nxe4 Nbd7 6. Nf3 h6 7. Bh4 Be7 8.
Bd3 Nxe4 9. Bxe7 Qxe7 10. Bxe4 Nf6 11. Bd3 O-O 12. c3 a6 13. Qc2 c5 14. O-O Qc7
15. Rfe1 Rd8 16. dxc5 Qxc5 17. Re5 Qd6 18. Be2 Bd7 19. Rd1 Qc7 20. Rd4 b5 21.
Re3 Bc6 22. Qd1 Ng4 23. Red3 Rxd4 24. Rxd4 Bxf3 25. Bxf3 Qxh2+ 26. Kf1 Qh1+ 27.
Ke2 Qxd1+ 28. Rxd1 Nxf2 29. Kxf2 Ra7 30. Rd6 g5 31. g4 Kg7 32. Ke3 Kf6 33. Be2
Ke5 34. Rd8 f5 35. gxf5 exf5 36. Bh5 g4 37. Re8+ Kf6 38. Rd8 Re7+ 39. Kf2 Kg5
40. Be8 h5 41. Bc6 h4 42. a4 bxa4 43. Bxa4 Re4 44. Rd4 Kf4 45. Rxe4+ fxe4 46.
Bd1 h3 47. Kg1 g3 48. c4 Ke5 49. b4 Kd4 50. Be2 Ke3 51. c5 Kxe2 52. c6 e3 53.
c7 h2+ 54. Kg2 Kd1 55. c8=Q e2 56. Qg4 Kd2 57. Qd4+ Ke1 58. Qd5 h1=Q+ 59. Kxh1
Kf2 60. Qg2+ Ke3 61. Qxg3+ Kd2 62. Qf4+ Kd1 63. Qd4+ Kc2 64. Qe3 Kd1 65. Qd3+
Ke1 66. Kg2 a5 67. Qxe2+ Kxe2 1-0

[Event "14. Bayer Open"]
[Site "Leverkusen"]
[Date "2016.02.01"]
[Round "3.56"]
[White "Scheunemann, Uwe"]
[Black "Seelig, Jochen"]
[Result "1/2-1/2"]
[WhiteElo "1446"]
[BlackElo "1312"]
[PlyCount "138"]
[EventDate "2016.??.??"]
[WhiteTeam "TV Witzhelden"]
[BlackTeam "SF Schlebusch"]

1. c4 b6 2. e4 Bb7 3. d3 e6 4. Nc3 d6 5. Nf3 Nd7 6. a3 g6 7. b4 a5 8. Bb2 Bg7
9. Be2 Ne7 10. O-O O-O 11. Qc2 h6 12. Nb5 f5 13. Bxg7 Kxg7 14. Nbd4 Rf6 15. Qb2
e5 16. Nb3 Nc6 17. b5 Ne7 18. Nfd2 a4 19. Nc1 Nc5 20. exf5 Nxf5 21. Bf3 g5 22.
Bxb7 Nxb7 23. Nf3 Nc5 24. Nd2 Nd4 25. Ne4 Nxe4 26. dxe4 Qg8 27. Qa2 g4 28. Rb1
Kh7 29. Ne2 Nb3 30. Qc2 Qg5 31. Rbd1 h5 32. Qd3 Rg8 33. Kh1 h4 34. h3 gxh3 35.
Qxh3 Qg4 36. Qxg4 Rxg4 37. f3 Rg7 38. Kh2 Rfg6 39. Rg1 Kh6 40. g3 hxg3+ 41.
Rxg3 Rxg3 42. Nxg3 Rf7 43. Nf5+ Kg5 44. Kg3 Rh7 45. Rg1 Kf6 46. Ne3 Rg7+ 47.
Ng4+ Kg6 48. Rg2 Rh7 49. f4 exf4+ 50. Kxf4 Kf7 51. e5 Ke6 52. exd6 Kxd6 53. Ne3
Kc5 54. Rg5+ Kd4 55. Rd5+ Kc3 56. Rg5 Kb2 57. Rg2+ Kxa3 58. Nc2+ Kb2 59. Ke4
Re7+ 60. Kd5 Rd7+ 61. Kc6 Rd2 62. Rxd2 Nxd2 63. Ne3 Kb3 64. c5 bxc5 65. Kxc7
Nc4 66. Nxc4 Kxc4 67. b6 a3 68. b7 a2 69. b8=Q a1=Q 1/2-1/2

[Event "14. Bayer Open"]
[Site "Leverkusen"]
[Date "2016.02.01"]
[Round "3.58"]
[White "Kinnert, Reinhard"]
[Black "Roder, Stephan"]
[Result "1-0"]
[WhiteElo "1495"]
[BlackElo "1360"]
[PlyCount "105"]
[EventDate "2016.??.??"]
[WhiteTeam "TV Witzhelden"]
[BlackTeam "Bergische SF"]

1. c4 g6 2. Nc3 Nf6 3. g3 Bg7 4. Bg2 O-O 5. e3 c6 6. b4 Ne8 7. Bb2 Nd6 8. d3
Na6 9. a3 Nc7 10. Nge2 f5 11. Qb3 e6 12. h4 Nf7 13. Na4 Bf6 14. Rd1 Qe7 15. Qa2
Ne8 16. d4 d5 17. c5 Ng7 18. f4 Nh5 19. Kf2 Bg7 20. Bf3 Nf6 21. Rdg1 Nh6 22.
Bc1 Nhg4+ 23. Kg2 h5 24. Nac3 Bd7 25. a4 Rfb8 26. Bd2 b6 27. Rb1 Rb7 28. a5
bxa5 29. Qxa5 Ne4 30. Bxe4 dxe4 31. Nd1 Nf6 32. Nec3 Bc8 33. Nf2 Qd7 34. Rb3
Ne8 35. Rhb1 Nc7 36. Qa2 Nb5 37. Nxb5 Rxb5 38. Nd1 Rbb8 39. Nc3 Bb7 40. Ra3 a6
41. Na4 Qd5 42. Qc2 Qd8 43. Nb6 Ra7 44. Qc4 Bc8 45. Rba1 Kh7 46. Nxc8 Rxc8 47.
Qxe6 Re7 48. Qc4 Rd7 49. Bc3 Rd5 50. Rxa6 Rc7 51. Ra7 Qb8 52. Rxc7 Qxc7 53. b5
1-0